02076nam a2200421 a 450000500170000000800410001702000180005804100080007610000190008424500570010325001000016026000430026030000160030350001420031965300630046165300480052465300440057265300210061665300280063765301130066565300580077865300860083665300370092265300490095965301190100865300430112765300370117065300340120765300300124165300380127165300780130965300490138765300260143665300700146265300810153270000240161370000170163720240430093814.0100629s2012||||sp a f |||| 001 0 spa d a9781437715286 aspa1 aAbbas, Abul K. aInmunología celular y molecular / cAbul K. Abbas a7a ed. en español de la 7a ed. original en inglésbRevisión científica Juan Manuel Igea aBarcelona: bElsevier Saunders;c2012. a546 p.bil. aAbbas, A. K., Lichtman, A. H. y Pillai, S. (Col.). (2012). Inmunología celular y molecular. (7a ed.). Barcelona : Elsevier ; Saunders. aPropiedades y generalidades de las respuestas inmunitarias aCélulas y tejidos del sistema inmunitario aMigración del leucocito a los tejidos aInmunidad innata aAnticuerpos y antigenos aMoléculas del complejo principal de histocompatibilidad y presentación del antígeno a los linfocitos T aReceptores inmunitarios y transducción de señales aDesarrollo del linfocito y reordenamiento del gen del receptor para el antígeno aActivación de los linfocitos T aMecanismos efectores de la inmunidad humoral aInmunidad regional: respuestas inmunitarias especializadas en los tejidos epiteliales y con privilegio inmunitario aTolerancia inmunitaria y autoinmunidad aInmunidad frente a los microbios aInmunología del transplante aInmunilogía antitumoral aTranstornos por hipersensibilidad aRespuestas inmunitarias dependientes de la EgE y enfermedades alérgicas aInmunodeficiencias congénitas y adquiridas aApéndice: citocinas aApéndice: principales caracteristicas de algunas moléculas CD aApéndice: técnicas de laboratorio usadas con frecuencia en inmunología1 aLichtman, Andrew H.1 aPillai, Shiv